The cruel birth of Bangladesh : (Record no. 13697)
[ view plain ]
| 000 -LEADER | |
|---|---|
| fixed length control field | 00735nam a2200229 a 4500 |
| 001 - CONTROL NUMBER | |
| JCCL Control Number | 13697 |
| 003 - CONTROL NUMBER IDENTIFIER | |
| JCCL marc code | BD-JhCC |
| 005 - DATE AND TIME OF LATEST TRANSACTION | |
| control field | 20240314124410.0 |
| 008 - FIXED-LENGTH DATA ELEMENTS--GENERAL INFORMATION | |
| fixed length control field | 240314b20022023bg |||| ||a| 001 0 eng d |
| 020 ## - INTERNATIONAL STANDARD BOOK NUMBER | |
| International Standard Book Number | 9789840516506 |
| 035 ## - SYSTEM CONTROL NUMBER | |
| system control number | (BD-JhCC)13697 |
| 040 ## - CATALOGING SOURCE | |
| Original cataloging agency | BD-JhCC |
| Modifying agency | BD-JhCC |
| 041 ## - LANGUAGE CODE | |
| Language code of Book | english |
| 082 ## - DEWEY DECIMAL CLASSIFICATION NUMBER | |
| Classification number | 954.92 |
| Author mark and Year | BLO 2023 |
| 100 ## - MAIN ENTRY--PERSONAL NAME | |
| Personal name | Blood,Archer K. |
| 245 ## - TITLE STATEMENT | |
| Title | The cruel birth of Bangladesh : |
| Remainder of title | Memoirs of an American diplomat / |
| Statement of responsibility, etc | Archer K. Blood. |
| 260 ## - PUBLICATION, DISTRIBUTION, ETC. (IMPRINT) | |
| Place of publication, distribution, etc | Dhaka: |
| Name of publisher, distributor, etc | University Press; |
| Date of publication, distribution, etc | 2023. |
| 300 ## - PHYSICAL DESCRIPTION | |
| Pagination | 373 p. : |
| Dimensions | 22 cm. |
| 600 ## - SUBJECT ADDED ENTRY--PERSONAL NAME | |
| Personal name | 1971 |
| 650 ## - SUBJECT ADDED ENTRY--TOPICAL TERM | |
| Topical term or geographic name as entry element | Bangladesh |
| Form subdivision | Bangladesh Histoire |
| General subdivision | Bangladesh Histoire 1971 (Révolution) |
| Chronological subdivision | Bangladesh History |
| Geographic subdivision | Bangladesh Politique et gouvernement |
| 942 ## - ADDED ENTRY ELEMENTS (KOHA) | |
| Source of classification or shelving scheme | Dewey Decimal Classification |
| Koha item type | Books |
| Source of classification or shelving scheme | Damaged status | Not for loan | Home library | Current library | Shelving location | Date of accession | Cost, normal purchase price | Total Checkouts | Full call number | Barcode | Date last seen | Date checked out | Copy number | Method of acquisition | Koha item type | Currency |
|---|---|---|---|---|---|---|---|---|---|---|---|---|---|---|---|---|
| Dewey Decimal Classification | JCC Rouf Library | JCC Rouf Library | General Stacks | 520.00 | 1 | 954.92 BLO 2023 | 19045 | 07/31/2025 | 07/09/2025 | C-1 | Purchase | Books | BDT | |||
| Dewey Decimal Classification | JCC Rouf Library | JCC Rouf Library | General Stacks | 520.00 | 1 | 954.92 BLO 2023 | 19046 | 12/17/2025 | 11/18/2025 | C-2 | Purchase | Books | BDT |